000
00220 a2200109 4500
020
_a
9684199511
041
_a
spa
100
_a
Heller, Ruth
245
_a
Las gallinas no son las unicas
942
_c
BK
999
_c
30034
_d
30032
999
_d
30032